भूमंडलीकरण की चुनौतियाँ / (Record no. 120372)

MARC details
000 -LEADER
fixed length control field 01049nam a22002537a 4500
005 - DATE AND TIME OF LATEST TRANSACTION
control field 20170124103157.0
010 ## - LIBRARY OF CONGRESS CONTROL NUMBER
LC control number B-078854
020 ## - INTERNATIONAL STANDARD BOOK NUMBER
Terms of availability 225.00
035 ## - SYSTEM CONTROL NUMBER
System control number B-078854
037 ## - SOURCE OF ACQUISITION
Source of stock number/acquisition Cen Lib/Ret
040 ## - CATALOGING SOURCE
Original cataloging agency DPL
Language of cataloging HN
082 ## - DEWEY DECIMAL CLASSIFICATION NUMBER
Classification number 338.9
Item number सिन्हास
100 ## - MAIN ENTRY--PERSONAL NAME
Personal name सिन्हा, सच्चिदानंद
9 (RLIN) 42649
245 ## - TITLE STATEMENT
Title भूमंडलीकरण की चुनौतियाँ /
Statement of responsibility, etc सच्चिदानंद सिन्हा
246 ## - VARYING FORM OF TITLE
Title proper/short title Bhumandalikaran ki chunautiyan /
Remainder of title by Sachchidanand Sinha
260 ## - PUBLICATION, DISTRIBUTION, ETC. (IMPRINT)
Place of publication, distribution, etc नयी दिल्ली
Name of publisher, distributor, etc वाणी प्रकाशन
Date of publication, distribution, etc 2003
270 ## - ADDRESS
City नयी दिल्ली
Address 21-ए, दरियागंज
Postal code 110002
300 ## - PHYSICAL DESCRIPTION
Extent 207पृ.
Dimensions 19सेमी(सजिल्द )
650 ## - SUBJECT ADDED ENTRY--TOPICAL TERM
Topical term or geographic name as entry element भूमंडलीकरण
General subdivision
Geographic subdivision
9 (RLIN) 81328
650 ## - SUBJECT ADDED ENTRY--TOPICAL TERM
Topical term or geographic name as entry element अर्थशास्त्र
9 (RLIN) 90049
650 ## - SUBJECT ADDED ENTRY--TOPICAL TERM
Topical term or geographic name as entry element Globalization
9 (RLIN) 5651
650 ## - SUBJECT ADDED ENTRY--TOPICAL TERM
Topical term or geographic name as entry element Economics
9 (RLIN) 90050
942 ## - ADDED ENTRY ELEMENTS (KOHA)
Source of classification or shelving scheme Dewey Decimal Classification
Koha item type Hindi Books
Classification part 338.9
Call number suffix सिन्हास
Holdings
Withdrawn status Lost status Damaged status Not for loan Home library Current library Date acquired Source of acquisition Cost, normal purchase price Total Checkouts Full call number Barcode Date last seen Copy number Cost, replacement price Price effective from Koha item type Source of classification or shelving scheme Date checked out
        Central Library Central Library 22/09/2015 Cen Lib/Ref 225.00   338.9 सिन्हास B-078854 22/09/2015 1 225.00 22/09/2015 Hindi Books    
        Central Library Central Library 29/10/2016   225.00 1 338.9 सिन्हास B-102268 09/11/2019 2 225.00 29/10/2016 Hindi Books Dewey Decimal Classification 28/10/2019

© Delhi Public Library
Hit Counter
free hit counter